003590000a2200145000450000500170000010000160001724500440003326000350007730000090011204000080012136500120012965000170014165000210015865000340017920120302061134.0 a Dange,S.A. a Sexual symbolism from the vedic ritual aDelhi:Ajanta publications,1979 axxii aENG bRs.60/- aVedic ritual aSexual symbolism aSexual symbolism-vedic ritual